Química
Uloženo v:
| Hlavní autor: | |
|---|---|
| Médium: | Kniha |
| Jazyk: | španělština |
| Vydáno: |
Ciudad de México
McGraw Hill
1997
|
| Témata: | |
| Tagy: |
Přidat tag
Žádné tagy, Buďte první, kdo vytvoří štítek k tomuto záznamu!
|
MARC
| LEADER | 00000nam a2200000 a 4500 | ||
|---|---|---|---|
| 001 | UCN9165 | ||
| 003 | CL-VaPUC | ||
| 008 | 011130e19970000MX |||||||||||||||||spa|d | ||
| 082 | 0 | 4 | |a 540 |b CHA |2 21 |
| 100 | 0 | |a Chang, Raymond |e author |9 465630 | |
| 245 | 1 | 0 | |a Química |
| 300 | |a 434 p | ||
| 942 | |c BK | ||
| 945 | |d 20011130 00:00:00 |a vberengu | ||
| 260 | |a Ciudad de México |b McGraw Hill |c 1997 | ||
| 650 | 0 | |a Átomos |9 259583 | |
| 650 | 0 | |a Electroquímica |9 263973 | |
| 650 | 7 | |a ELEMENTOS QUIMICOS |2 CL-VaPUC |9 306895 | |
| 650 | 0 | |a Gases |9 260945 | |
| 650 | 7 | |a IONES |2 CL-VaPUC |9 337399 | |
| 650 | 0 | |a Metalurgia |9 263720 | |
| 650 | 0 | |a Moléculas |9 259584 | |
| 650 | 7 | |a QUIMICA NUCLEAR |2 CL-VaPUC |9 465631 | |
| 650 | 0 | |a Química orgánica |9 259426 | |
| 650 | 0 | |a Reacciones químicas |9 259438 | |
| 583 | |a last modification |c 20011130 00:00:00 |k Rodrigo Vera | ||
| 999 | |c 298688 |d 298686 | ||
| 952 | |0 0 |1 0 |4 0 |6 540_000000000000000_CHA_1997 |7 0 |8 A |9 354459 |a BIBING |b BIBING |d 2019-11-21 |i 3779343 |o 540 CHA 1997 |p 3779343 |r 2025-01-20 |w 2019-11-21 |y BK |k EIQ | ||